Văn tuyển văn học Việt Nam 1858-1930 Sách dùng cho học sinh các trường cao đẳng sư phạm

Các bài giảng văn và các bài trích một số tác phẩm tiêu biểu của các nhà văn yêu nước Việt nam giai đoạn 1858-1930

Đã lưu trong:
Sonraí Bibleagrafaíochta
Príomhúdar: Nguyễn Đình Chú (Biên soạn)
Údair Eile: Nguyễn Khâm (Tác giả)
Formáid: Leabhar
Teanga:Vietnamese
Foilsithe: H. Giáo dục 1981
Ábhair:
Clibeanna: Cuir Clib Leis
Gan Chlibeanna, Bí ar an gcéad duine leis an taifead seo a chlibeáil!
Thư viện lưu trữ: Mạng thư viện Đại học Đà Nẵng
LEADER 01404nam a22003738a 4500
001 000014459
003 10824
005 20120502090539.0
008 120502s1981 b 000 0 vieod
020 |c 10300đ  |d 10000b 
041 0 |a vie 
082 |a 895.92208  |b Văn 
084 |a V4 
100 1 |a Nguyễn Đình Chú  |e Biên soạn 
245 1 0 |a Văn tuyển văn học Việt Nam 1858-1930  |b Sách dùng cho học sinh các trường cao đẳng sư phạm  |c Nguyễn Đình Chú, Nguyễn Khâm 
260 |a H.  |b Giáo dục  |c 1981 
300 |a 191tr  |c 27cm 
520 |a Các bài giảng văn và các bài trích một số tác phẩm tiêu biểu của các nhà văn yêu nước Việt nam giai đoạn 1858-1930 
653 |a Việt Nam 
653 |a giáo trình 
653 |a nghiên cứu văn học 
653 |a Văn học cận đại 
653 |a văn học hiện đại 
700 1 |a Nguyễn Khâm  |e Tác giả 
OWN |a LSP 
AVA |a UDN50  |b LSP  |d 895.92208 Văn  |e available  |t Error 5001 Not defined in file expand_doc_bib_avail.  |f 2  |g 0  |h N  |i 0  |k 1 
999 |a From the UDN01 
AVA |a UDN50  |b LSP  |d 895.92208 Văn  |e available  |t Error 5001 Not defined in file expand_doc_bib_avail.  |f 2  |g 0  |h N  |i 0  |k 1 
TYP |a Monograph 
TYP |a Printed language 
980 |a Mạng thư viện Đại học Đà Nẵng